Alkohol am Steuer, Fahrerlaubnisentziehung und Nachschulung: eine empirische Untersuchung zu den Nachschulungskursen für erstmals alkoholauffällige Kraftfahrer in Baden-Württemberg

Gespeichert in:  
Bibliographische Detailangaben
1. VerfasserIn: Rosner, Anton (Verfasst von)
Körperschaft: Goethe-Universität Frankfurt am Main. Grad-verleihende Institution (Akademischen Grad verleihende Institution)
Medienart: Elektronisch Buch
Sprache:Deutsch
Veröffentlicht: Freiburg/Breisgau Max-Planck-Institut für Ausländisches und Internationales Strafrecht 1988
In: Kriminologische Forschungsberichte aus dem Max-Planck-Institut für Ausländisches und Internationales Strafrecht (Band 31)
Jahr: 1988
Online-Zugang: Volltext (kostenfrei)
Volltext (kostenfrei)
Volltext (kostenfrei)
Rechteinformation:InC 1.0
Verfügbarkeit prüfen: HBZ Gateway
Schlagwörter:
Parallele Ausgabe:Nicht-Elektronisch

MARC

LEADER 00000cam a2200000 c 4500
001 1838964932
003 DE-627
005 20240219214522.0
007 cr uuu---uuuuu
008 230313s1988 gw |||||om 00| ||ger c
024 7 |a urn:nbn:de:bsz:21-dspace-1379798  |2 urn 
024 7 |a 10.15496/publikation-79330  |2 doi 
024 7 |a 10900/137979  |2 hdl 
035 |a (DE-627)1838964932 
035 |a (DE-599)KXP1838964932 
040 |a DE-627  |b ger  |c DE-627  |e rda 
041 |a ger 
044 |c XA-DE 
084 |a 2,1  |2 ssgn 
084 |a PN 633  |q SEPA  |2 rvk  |0 (DE-625)rvk/137610: 
084 |a PH 8920  |q SEPA  |2 rvk  |0 (DE-625)rvk/136526: 
084 |a ZO 4700  |q SEPA  |2 rvk  |0 (DE-625)rvk/157743: 
084 |a 251  |2 bwlb 
100 1 |a Rosner, Anton  |e VerfasserIn  |4 aut 
245 1 0 |a Alkohol am Steuer, Fahrerlaubnisentziehung und Nachschulung  |b eine empirische Untersuchung zu den Nachschulungskursen für erstmals alkoholauffällige Kraftfahrer in Baden-Württemberg  |c Anton Rosner 
264 1 |a Freiburg/Breisgau  |b Max-Planck-Institut für Ausländisches und Internationales Strafrecht  |c 1988 
300 |b Illustrationen 
336 |a Text  |b txt  |2 rdacontent 
337 |a Computermedien  |b c  |2 rdamedia 
338 |a Online-Ressource  |b cr  |2 rdacarrier 
490 1 |a Kriminologische Forschungsberichte aus dem Max-Planck-Institut für Ausländisches und Internationales Strafrecht, Freiburg i. Br.  |v Band 31 
500 |a Literaturverzeichnis: Seite 258-269 
502 |b Dissertation  |c Johann-Wolfgang-Goethe-Universität Frankfurt (Main)  |d 1987 
533 |a Online-Ausgabe  |b Tübingen  |c FID Kriminologie  |d [2023]  |e 1 Online-Ressource (XVIII, 281 Seiten)  |7 |2023|||||||||| 
540 |q DE-2619  |a Urheberrechtsschutz 1.0  |2 rs  |u http://rightsstatements.org/vocab/InC/1.0/ 
650 0 7 |0 (DE-588)4068547-0  |0 (DE-627)104743433  |0 (DE-576)209174137  |a Alkoholmissbrauch  |2 gnd 
650 0 7 |0 (DE-588)4032656-1  |0 (DE-627)106260766  |0 (DE-576)208998071  |a Kraftfahrer  |2 gnd 
650 0 7 |0 (DE-588)4202832-2  |0 (DE-627)105155497  |0 (DE-576)210151242  |a Nachschulung  |2 gnd 
650 0 7 |0 (DE-588)7864481-1  |0 (DE-627)700634584  |0 (DE-576)363230076  |a Trunkenheit im Verkehr  |2 gnd 
650 0 7 |0 (DE-588)4071100-6  |0 (DE-627)106098632  |0 (DE-576)209182849  |a Fahrerlaubnis  |2 gnd 
650 0 7 |0 (DE-588)4152460-3  |0 (DE-627)105538116  |0 (DE-576)209795697  |a Entziehung  |2 gnd 
651 7 |0 (DE-588)4004176-1  |0 (DE-627)106387154  |0 (DE-576)208854444  |a Baden-Württemberg  |2 gnd 
655 7 |a Hochschulschrift  |0 (DE-588)4113937-9  |0 (DE-627)105825778  |0 (DE-576)209480580  |2 gnd-content 
710 2 |a Goethe-Universität Frankfurt am Main  |e Grad-verleihende Institution  |0 (DE-588)35074-6  |0 (DE-627)100811515  |0 (DE-576)190337176  |4 dgg 
751 |a Frankfurt am Main  |0 (DE-588)4018118-2  |0 (DE-627)106327356  |0 (DE-576)208922695  |4 uvp 
776 1 |z 3922498345 
776 0 8 |i Elektronische Reproduktion von  |a Rosner, Anton  |t Alkohol am Steuer, Fahrerlaubnisentziehung und Nachschulung  |d Freiburg/Breisgau : Max-Planck-Inst. für Ausländ. und Internat. Strafrecht, 1988  |h XVIII, 281 S.  |w (DE-627)272418994  |w (DE-576)013658123  |z 3922498345  |k Non-Electronic 
810 2 |a Max-Planck-Institut für Ausländisches und Internationales Strafrecht  |t Kriminologische Forschungsberichte aus dem Max-Planck-Institut für Ausländisches und Internationales Strafrecht  |v Band 31  |9 31  |w (DE-627)1808048822  |w (DE-600)3122902-5  |7 am 
856 4 0 |u http://hdl.handle.net/10900/137979  |x Resolving-System  |x Digitalisierung  |z kostenfrei  |3 Volltext  |7 0 
856 4 0 |u http://nbn-resolving.de/urn:nbn:de:bsz:21-dspace-1379798  |x Resolving-System  |x Digitalisierung  |z kostenfrei  |3 Volltext  |7 0 
856 4 0 |u https://doi.org/10.15496/publikation-79330  |x Resolving-System  |x Digitalisierung  |z kostenfrei  |3 Volltext  |7 0 
936 r v |a PN 633  |b Allgemeines  |k Rechtswissenschaft  |k Verwaltungswissenschaften und Verwaltungsrecht  |k Besonderes Verwaltungsrecht  |k Verkehrsrecht  |k Straßenverkehrsrecht  |k Allgemeines  |0 (DE-627)1271254395  |0 (DE-625)rvk/137610:  |0 (DE-576)201254395 
936 r v |a PH 8920  |b Verkehrskriminalität  |k Rechtswissenschaft  |k Strafrecht, Strafverfahrensrecht, Kriminologie  |k Kriminologie  |k Einzelne Deliktsgruppen  |k Weitere Deliktsgruppen  |k Verkehrskriminalität  |0 (DE-627)1272237958  |0 (DE-625)rvk/136526:  |0 (DE-576)202237958 
936 r v |a ZO 4700  |b Autofahrer, Fahrtechnik  |k Technik  |k Verkehr, Transport  |k Straßenverkehr  |k Autofahrer, Fahrtechnik  |0 (DE-627)1271731258  |0 (DE-625)rvk/157743:  |0 (DE-576)201731258 
951 |a BO 
ELC |a 1 
LOK |0 000 xxxxxcx a22 zn 4500 
LOK |0 001 4288490170 
LOK |0 003 DE-627 
LOK |0 004 1838964932 
LOK |0 005 20230418081422 
LOK |0 008 230313||||||||||||||||ger||||||| 
LOK |0 040   |a DE-2619  |c DE-627  |d DE-2619 
LOK |0 092   |o n 
LOK |0 852   |a DE-2619 
LOK |0 852 1  |9 00 
LOK |0 939   |a 13-03-23  |b l01 
OAS |a 1 
ORI |a SA-MARC-krimdoka001.raw